000 00646cam a2200217 4500500
005 20260329004702.0
041 _afre
042 _adc
100 1 0 _ade Oliveira, Victorine
_eauthor
245 0 0 _aFrançois de La Rochefoucauld commenté par Laurence Devillairs
260 _c2020.
500 _a30
690 _aAmour-propre
690 _aMoi
690 _aPassions
690 _aPortrait
690 _aSujet
690 _aVanité
786 0 _nPhilosophie magazine | 143 | 10 | 2020-10-01 | p. 46-46 | 1951-1787
856 4 1 _uhttps://shs.cairn.info/magazine-philosophie-magazine-2020-10-page-46?lang=fr&redirect-ssocas=7080
999 _c1836247
_d1836247